000 00671cab a2200253 4500
001 X1848
008 090401t1995 xxu||||| |||| 00| 0 eng d
035 _a(Sirsi) u19893
041 _aeng
100 _aKnowles, R.
245 _aTangled web of legal decisions
260 _c1995
350 _a0
490 _aCSM (Chartered Surveyor Monthly)
_v4(3) January 1995, 48(1)
650 _aDUTY IN CARE
650 _aDUTY IN CONTRACT
650 _aHEDLEY BYRNE V KELLER AND PARTNERS
650 _aLLOYDS NAMES
650 _aUNDERWRITING AGENTS
650 _aWESSEX REGIONAL HEALTH AUTHORITY V HLM DESIGN
690 _aLAW
942 _n0
948 _c04/03/1997
999 _c13330
_d13330